00683nam a22002057a 450000500170000001000130001702000230003003500130005303700160006608200110008210000280009324500680012126000320018927000130022130000290023470000290026394200250029299900190031795201410033620240409152654.0 aB-758629 c509.95a0671732943 aB-758629 bGift/Unesco a301.32 aEhrlich, Paul R.964516 aThe Population Explosion/cPaul R. Ehrlich[and] Anne H. Ehrlich aNew YorkbA Touchstone Book aNew York a320p.;c21cm(pbk)bIndex aEhrlich, Anne H. 964517 2ddccENh301.32mEHR c202029d202029 001040708NFICaAVbAVd2024-04-09eGift/4.4.24g509.95l0o301.32 EHRpB-758629r2024-04-09 00:00:00t1v509.95w2024-04-09yENzGift